Представление документа в формате RUSMARC

ПолеНазваниеЗначение
  Тип записи a
  Библиографический уровень m
001 Контрольный номер RU/SLIB/B/208752423
005 Дата корректировки 20231207144056.3
010 Индекс ISBN __
d Цена 1-10
101 Язык документа 0_
a Язык текста rus
200 Заглавие и сведения об ответственности 1_
a Заглавие Государственный музей изобразительных искусств имени А.С. Пушкина
e Сведения, относящиеся к заглавию путеводитель по картинной галерее
f Первые сведения об ответственности авт.-сост. и авт. вступ. ст. И. А. Антонова
b Общее обозначение материала Текст
205 Сведения об издании __
a Основные сведения об издании 3-е изд., испр.
210 Выходные данные 1_
a Место издания М.
c Издательство Изобраз. искусство
d Дата издания 1987
215 Физическое описание __
a Объем 192 с.
c Иллюстрации/тип воспроизводства ил.
601 Наименование организации как предмет 02
a Наименование организации как предмет Государственный музей изобразительных искусств имени А. С. Пушкина
606 Тематические рубрики __
a Основная рубрика Изобразительное искусство и архитектура
606 Тематические рубрики __
a Основная рубрика История живописи
610 Ключевые слова 0_
a Ключевые слова галереи; художественные галереи; картины; произведения искусства
a Ключевые слова европейская живопись
a Ключевые слова картинные галереи
686 Индексы других классификаций __
a Классификационный индекс 85.143(4)л611; ст85.143л6
702 Вторичная интеллектуальная ответственность _1
a Фамилия Антонов
b Имя И. А.
4 Код отношения Автор-составитель
801 Источник записи _0
a Страна RU
b Организация Муниципальное бюджетное учреждение культуры "Централизованная библиотечная система" г. Сургут (Центральная городская библиотека им. А. С. Пушкина)
g Правила каталогизации КиК/Михайлова
801 Источник записи _1
a Страна RU
b Организация Муниципальное бюджетное учреждение культуры "Централизованная библиотечная система" г. Сургут (Центральная городская библиотека им. А. С. Пушкина)
g Правила каталогизации КиК/Михайлова
852 Данные о местонахождении __
j Шифр хранения 85.143(4)л611
c Каталожный индекс 85.101л6
i Авторский знак Г 72
p Инвентарный номер 32759
901 Тип документа __
t Тип документа m
969 Тип издания __
a Тип издания путеводитель
990 Данные о заказе (DOS) __
j Количество экземпляров (DOS) 3
t N записи в КСУ для И/У (DOS) 199101